Sanat - "Kaikki on vinksin vonksin" - Statistics

Yleistilastot
  • Tätä visaa on pelattu 117 kertaa
  • Keskiarvotulos 86 / 138
Vastaustilastot
Vastaus % Oikein
Kaikki
100%
vinksin
100%
vonksin
100%
hei
99%
on
99%
ainakin
96%
heikun
96%
keikun
96%
tai
96%
Peppi
88%
Pitkätossu
87%
hop
83%
Tässä
82%
arvaa
81%
sula
81%
hopsansaa
77%
sen
77%
se
76%
la
74%
mul
67%
nimi
67%
oon
67%
eikun
65%
kuka
64%
haa
63%
hah
63%
Herra
63%
jos
63%
mulla
63%
Tossavainen
63%
Ulla
63%
arvaas
62%
arvaat
62%
laulaa
62%
joko
60%
oikun
60%
et
59%
toinen
59%
nauraa
56%
tässäpä
56%
ja
55%
sulle
55%
millään
54%
Ullan
54%
vaan
54%
suoraan
53%
lal
50%
sanon
50%
apinani
46%
hevoseni
46%
tään
46%
nimeltään
44%
laa
42%
minä
42%
täplikkään
42%
lystikkään
41%
nähnyt
41%
Ootkos
41%
hän
38%
huvikumpuun
37%
Joo
36%
joo
36%
hienon
35%
kaikkein
35%
vahvin
35%
voin
35%
huvikummun
33%
juuri
33%
nostaa
33%
sormenpäissä
33%
me
32%
näissä
32%
paljon
32%
tule
32%
Voimia
32%
kirahvin
29%
leikitään
27%
luokseni
27%
pannaan
27%
entäs
26%
hyrskyn
26%
jossa
26%
myrskyn
26%
rumpuun
26%
talon
26%
tartu
26%
torveen
26%
valkean
26%
Siellä
18%
sielläpä
13%
Ehtoja vastaavia visoja ei löytynyt
Tulosjakauma
Jokaisen tuloksen saaneiden osuus
Persentiili vastausten määrän mukaan
Tuloshistoriasi
Et ole pelannut tätä visaa